Использование спектральных характеристик сейсмической записи для прогноза зон улучшенных коллекторов; Технологии сейсморазведки; № 3

Detalhes bibliográficos
Parent link:Технологии сейсморазведки: научно-технический журнал.— , 2004-
№ 3.— 2013.— [С. 16-20]
Autor Corporativo: Национальный исследовательский Томский политехнический университет (ТПУ) Институт природных ресурсов (ИПР) Кафедра геофизики (ГЕОФ)
Outros Autores: Гик Л. Д. Леонид Давидович, Конторович В. А. Владимир Алексеевич, Канаков М. С., Лапковский В. В. Владимир Валентинович, Лунев Б. В. Борис Валентинович, Немирович-Данченко М. М. Михаил Михайлович
Resumo:Заглавие с экрана
The study aims at testing the use of variations in seismic spectra as guides for detecting lossy zones in time sections processed with conventional techniques. High attenuation of seismic energy in thus detected zones may result from high volume contents of voids (both primary and secondary porosity). Depending on specific geological settings, they may be interpreted as zones of oil and gas accumulation or migration
Режим доступа: по договору с организацией-держателем ресурса
Idioma:russo
Publicado em: 2013
Assuntos:
Acesso em linha:http://elibrary.ru/item.asp?id=21056698
http://ts.sbras.ru/ru/articles/2013-03_016.pdf
Formato: MixedMaterials Recurso Electrónico Capítulo de Livro
KOHA link:https://koha.lib.tpu.ru/cgi-bin/koha/opac-detail.pl?biblionumber=638794

MARC

LEADER 00000naa0a2200000 4500
001 638794
005 20250207153302.0
035 |a (RuTPU)RU\TPU\network\3186 
090 |a 638794 
100 |a 20150212d2013 k||y0rusy50 ca 
101 0 |a rus 
102 |a RU 
135 |a drcn ---uucaa 
181 0 |a i  
182 0 |a b 
200 1 |a Использование спектральных характеристик сейсмической записи для прогноза зон улучшенных коллекторов  |d Spectral analysis of seismic data: implications for detecting highly porous reservoirs  |f Л. Д. Гик [и др.] 
203 |a Текст  |c электронный 
300 |a Заглавие с экрана 
320 |a [Библиогр.: с. 180 (7 назв.)] 
330 |a The study aims at testing the use of variations in seismic spectra as guides for detecting lossy zones in time sections processed with conventional techniques. High attenuation of seismic energy in thus detected zones may result from high volume contents of voids (both primary and secondary porosity). Depending on specific geological settings, they may be interpreted as zones of oil and gas accumulation or migration 
333 |a Режим доступа: по договору с организацией-держателем ресурса 
461 |t Технологии сейсморазведки  |o научно-технический журнал  |d 2004- 
463 |t № 3  |v [С. 16-20]  |d 2013 
510 1 |a Spectral analysis of seismic data: implications for detecting highly porous reservoirs  |z eng 
610 1 |a электронный ресурс 
610 1 |a труды учёных ТПУ 
701 1 |a Гик  |b Л. Д.  |g Леонид Давидович 
701 1 |a Конторович  |b В. А.  |c геолог  |c профессор Томского политехнического университета, доктор геолого-минералогических наук  |f 1962-  |g Владимир Алексеевич  |3 (RuTPU)RU\TPU\pers\31837 
701 1 |a Канаков  |b М. С. 
701 1 |a Лапковский  |b В. В.  |g Владимир Валентинович 
701 1 |a Лунев  |b Б. В.  |g Борис Валентинович 
701 1 |a Немирович-Данченко  |b М. М.  |c геофизик  |c профессор Томского политехнического университета, доктор физико-математических наук  |f 1955-  |g Михаил Михайлович  |3 (RuTPU)RU\TPU\pers\32023 
712 0 2 |a Национальный исследовательский Томский политехнический университет (ТПУ)  |b Институт природных ресурсов (ИПР)  |b Кафедра геофизики (ГЕОФ)  |3 (RuTPU)RU\TPU\col\18667 
801 2 |a RU  |b 63413507  |c 20150212  |g RCR 
856 4 |u http://elibrary.ru/item.asp?id=21056698 
856 4 |u http://ts.sbras.ru/ru/articles/2013-03_016.pdf 
942 |c CF